| Tag |
First Indicator |
Second Indicator |
Subfields |
| LEADER |
00000cam a22000001a 4500 |
| 001 |
in00003204607 |
| 006 |
m d f |
| 007 |
cr bn mmmapmmp |
| 008 |
090623s1963 dcu o f000 0 eng d |
| 005 |
20260511193649.7 |
| 035 |
|
|
|a cis2007429271
|
| 040 |
|
|
|a UMI
|c UMI
|d UtOrBLW
|
| 043 |
|
|
|a n-us---
|
| 086 |
0 |
|
|a Y 4.Ag 8/2:D 14/4
|
| 099 |
|
|
|a HRG-1963-AFS-0001
|
| 110 |
1 |
|
|a United States.
|b Congress.
|b Senate.
|b Committee on Agriculture and Forestry.
|
| 245 |
1 |
0 |
|a Dairy Programs.
|n <Part 1> :
|b hearings before the United States Senate Committee on Agriculture and Forestry, Eighty-Eighth Congress, first session, on Mar. 18-21, Apr. 3, 1963.
|
| 264 |
|
1 |
|a Washington :
|b U.S. G.P.O.,
|c 1963.
|
| 300 |
|
|
|a 1 online resource.
|
| 336 |
|
|
|a text
|b txt
|2 rdacontent
|
| 337 |
|
|
|a computer
|b c
|2 rdamedia
|
| 338 |
|
|
|a online resource
|b cr
|2 rdacarrier
|
| 500 |
|
|
|a Record is based on bibliographic data in ProQuest Congressional Hearings Digital Collection. Reuse except for individual research requires license from ProQuest, LLC.
|
| 520 |
|
|
|a Considers S. 900 and S. 953, to authorize voluntary use of base allocations in Federal milk marketing orders so as to permit higher returns on milk covered by allotments and to reduce prices on milk delivered in excess of allotments. Also considers S. 398, to permit support of milk and butterfat at any level from zero to 90 percent parity.
|
| 520 |
|
|
|a Considers (88) S. 398, (88) S. 900, (88) S. 953.
|
| 538 |
|
|
|a System requirements: PDF reader software.
|
| 500 |
|
|
|a Electronic resource.
|
| 650 |
|
0 |
|a Milk
|x Marketing
|x Law and legislation
|z United States.
|
| 650 |
|
0 |
|a Milk
|x Prices
|x Law and legislation
|z United States.
|
| 650 |
|
0 |
|a Milkfat
|x Prices
|x Law and legislation
|z United States.
|
| 650 |
|
0 |
|a Agricultural price supports
|x Law and legislation
|z United States.
|
| 655 |
|
7 |
|a Electronic books.
|2 local
|
| 710 |
2 |
|
|a ProQuest (Firm)
|
| 776 |
0 |
8 |
|i Print version:
|a United States. Congress. Senate. Committee on Agriculture and Forestry.
|t Dairy Programs
|
| 776 |
0 |
8 |
|i Microfiche version:
|a United States. Congress. Senate. Committee on Agriculture and Forestry.
|t Dairy Programs.
|d [Bethesda, Md.] : ProQuest,[2004]
|o CIS Hrgs MF Gp 3--(88) S1472-15-A
|w (ProQuest)cis10703314
|
| 830 |
|
0 |
|a U.S. Congressional Hearings.
|
| 856 |
4 |
0 |
|u http://proxy.library.tamu.edu/login?url=https://congressional.proquest.com/congcomp/getdoc?HEARING-ID=HRG-1963-AFS-0001
|z Connect to the full text of this electronic book
|t 0
|
| 998 |
|
|
|a cis10703314
|
| 999 |
|
|
|a MARS
|
| 999 |
f |
f |
|s d7e48843-3b69-34a9-9ed0-eb0b6fd2365a
|i 7b35bac2-d35c-34af-a31b-8abaed14aad2
|t 0
|
| 952 |
f |
f |
|a Texas A&M University
|b College Station
|c Electronic Resources
|s www_evans
|d Available Online
|t 0
|e HRG-1963-AFS-0001
|h Other scheme
|
| 998 |
f |
f |
|a HRG-1963-AFS-0001
|t 0
|l Available Online
|